Rosa Fiorentina (2017/2018) - Statistics

Statistiche generali
  • Questo quiz è stato fatto 60 volte
  • Il punteggio medio è 9 su 25
Statistiche sulle risposte
NAZIONALITA' GIOCATORE % Corretto
Italia Astori
69%
Italia Chiesa
69%
Polonia Dragowski
69%
Italia Sportiello
59%
Francia Veretout
53%
Brasile Vitor Hugo/Hugo
49%
Senegal Babacar
47%
Italia Biraghi
47%
Argentina Simeone
47%
Argentina Pezzella
43%
Romania Hagi
39%
Croazia Badelj
37%
Colombia Carlos Sanchez/Sanchez
37%
Serbia Milenkovic
37%
Uruguay Cristoforo
31%
Italia Benassi
29%
Francia Thereau
29%
Portogallo Gil Dias/Dias
24%
Italia Saponara
24%
Francia Laurini
20%
Uruguay Maxi Olivera/Olivera
20%
Francia Eysseric
18%
Bulgaria Hristov
18%
Portogallo Bruno Gaspar
12%
Norvegia Zekhnini
12%
Nessun quiz corrispondente trovato
Distribuzione punteggi
Percentuale di utenti per punteggio
Percentile per numero di risposta
I tuoi punteggi nel tempo
Non hai fatto questo quiz